000
003150000a22001450004500
003
MACL
040
_a
MACL
090
_c
2011
_d
2011
100
_a
Paliwal , Anil Kumar
245
_a
How To Teach English
260
_a
Jaipur
_b
Kalpana Publications
_c
2007
350
_a
300
650
_a
Education
942
_c
BOOK
_k
371
999
_c
1997
_d
1997